BDJ: a portrait of the vice-president (Record no. 345196)

000 -LEADER
fixed length control field 00386cam a22001337a 4500
008 - FIXED-LENGTH DATA ELEMENTS--GENERAL INFORMATION
fixed length control field 180718b1979 xxu||||| |||| 00| 0 eng d
082 ## - DEWEY DECIMAL CLASSIFICATION NUMBER
Classification number A99 J319 G956
100 ## - MAIN ENTRY--PERSONAL NAME
Personal name Gunjal, S.R.
245 ## - TITLE STATEMENT
Title BDJ: a portrait of the vice-president
Statement of responsibility, etc. by S.R. Gunjal
260 ## - PUBLICATION, DISTRIBUTION, ETC.
Place of publication, distribution, etc. New Delhi
Name of publisher, distributor, etc. Sterling
Date of publication, distribution, etc. 1979
300 ## - PHYSICAL DESCRIPTION
Extent 90p.
650 ## - SUBJECT ADDED ENTRY--TOPICAL TERM
Topical term or geographic name entry element Vice-Presidents - India
650 ## - SUBJECT ADDED ENTRY--TOPICAL TERM
Topical term or geographic name entry element Jatti, Basappa Danappa, 1912
Holdings
Withdrawn status Lost status Damaged status Not for loan Permanent Location Current Location Date acquired Full call number Barcode Date last seen Price effective from Koha item type
        Indian Institute of Public Administration Indian Institute of Public Administration 1993-10-06 A99 J319 G956 54493 2018-07-21 2018-07-21 Book

Powered by Koha